[Event "Titled Tuesday intern op 23rd Apr Late"]
[Site "Chess.com INT"]
[Date "2024.04.23"]
[Round "1"]
[White "Urbina Perez, Juan Antonio"]
[Black "Mekhitarian, Krikor Sevag"]
[Result "1/2-1/2"]
[WhiteElo "2248"]
[BlackElo "2554"]
[PlyCount "131"]
[EventDate "2024.04.23"]
[EventType "swiss (blitz)"]
[EventRounds "11"]
[EventCountry "USA"]
[SourceTitle "CB18_2024"]
[SourceDate "2024.05.01"]
[SourceVersion "1"]
[SourceVersionDate "2024.05.01"]
[SourceQuality "2"]

1. e4 c5 2. Nf3 Nc6 3. Bb5 Nf6 4. Bxc6 dxc6 5. d3 Bg4 6. Nbd2 Nd7 7. h3 Bh5 8. Nf1 e5 9. Ng3 Bg6 10. Bd2 f6 11. Qe2 Bd6 12. a3 Nf8 13. Nh4 Ne6 14. c3 Bf7 15. 0-0 g6 16. Nf3 0-0 17. Be3 Qd7 18. Rfd1 Qc7 19. Nf1 Rfe8 20. d4 exd4 21. cxd4 cxd4 22. Nxd4 Nc5 23. f3 Rad8 24. b4 Nd7 25. Rac1 Qb8 26. Qc2 Ne5 27. Nb3 Bc7 28. Rxd8 Rxd8 29. Rd1 Nc4 30. Bc1 Rxd1 31. Qxd1 Qe8 32. Ne3 Ne5 33. Nc5 b6 34. Nd3 Qd7 35. Nxe5 Qxd1+ 36. Nxd1 Bxe5 37. Kf2 Bb3 38. Ne3 Kf7 39. g3 Bd4 40. Ke2 Be6 41. h4 h5 42. Kd3 Be5 43. f4 Bd6 44. Bb2 Be7 45. e5 f5 46. Nc4 Bd5 47. Nd6+ Ke6 48. Bd4 Bd8 49. Kc3 Kd7 50. Nf7 Be7 51. Nd6 Bd8 52. Be3 Bc7 53. Bd4 a6 54. Be3 Bd8 55. Bd4 Bc7 56. Be3 a5 57. Bd4 axb4+ 58. axb4 Bd8 59. Be3 Bc7 60. Bd4 Ke6 61. Be3 b5 62. Bc5 Bd8 63. Kd4 Bc7 64. Kc3 Bd8 65. Kd4 Bc7 66. Kc3 1/2-1/2

[Event "Titled Tuesday intern op 12th Mar Early"]
[Site "Chess.com INT"]
[Date "2024.03.12"]
[Round "8"]
[White "Bortnyk, Olexandr"]
[Black "Mekhitarian, Krikor Sevag"]
[Result "1-0"]
[WhiteElo "2608"]
[BlackElo "2554"]
[PlyCount "69"]
[EventDate "2024.03.12"]
[EventType "swiss (blitz)"]
[EventRounds "11"]
[EventCountry "USA"]
[SourceTitle "CB12_2024"]
[SourceDate "2023.10.01"]
[SourceVersion "1"]
[SourceVersionDate "2023.10.01"]
[SourceQuality "1"]

1. e4 c5 2. c3 d5 3. exd5 Qxd5 4. d4 g6 5. Be3 cxd4 6. cxd4 Bg7 7. Nf3 Nf6 8. Nc3 Qa5 9. h3 0-0 10. Bc4 Nbd7 11. 0-0 Nb6 12. Bb3 Nbd5 13. Bd2 Qd8 14. Re1 b6 15. Bg5 Bb7 16. Ne5 Nxc3 17. bxc3 Ne4 18. Nxf7 Rxf7 19. Bxf7+ Kxf7 20. Qf3+ Bf6 21. Bxf6 exf6 22. Rxe4 f5 23. Rae1 Bxe4 24. Rxe4 Rc8 25. g4 Rxc3 26. Qxc3 fxe4 27. Qc4+ Kf6 28. Qc6+ Kf7 29. Qxe4 Qd6 30. d5 b5 31. Qf3+ Ke7 32. Qe3+ Kf6 33. Qd4+ Kg5 34. f4+ Kh4 35. Kg2 1-0

[Event "Titled Tuesday intern op 12th Mar Early"]
[Site "Chess.com INT"]
[Date "2024.03.12"]
[Round "10"]
[White "Mekhitarian, Krikor Sevag"]
[Black "Antunez, Soler Luis"]
[Result "1-0"]
[WhiteElo "2554"]
[BlackElo "2200"]
[PlyCount "113"]
[EventDate "2024.03.12"]
[EventType "swiss (blitz)"]
[EventRounds "11"]
[EventCountry "USA"]
[SourceTitle "CB12_2024"]
[SourceDate "2023.10.01"]
[SourceVersion "1"]
[SourceVersionDate "2023.10.01"]
[SourceQuality "1"]

1. Nf3 d5 2. c4 c6 3. d4 Nf6 4. Nc3 dxc4 5. e4 b5 6. Qc2 e6 7. Be2 a6 8. a4 Bb4 9. 0-0 Bb7 10. Bg5 h6 11. Bh4 Nbd7 12. Rad1 Qa5 13. h3 Bxc3 14. bxc3 Qxa4 15. Qxa4 bxa4 16. Nd2 c5 17. f3 cxd4 18. Nxc4 0-0 19. cxd4 Bc6 20. Na3 Rfc8 21. Rc1 Bb7 22. Bg3 Ne8 23. Kf2 f6 24. Ke3 e5 25. dxe5 fxe5 26. Nc4 Rc5 27. Rfd1 Nef6 28. Nd6 Rxc1 29. Rxc1 Rb8 30. Rb1 Nc5 31. Bxe5 Nfd7 32. Bd4 a5 33. Bc4+ Kf8 34. Nf5 a3 35. Bxg7+ Ke8 36. Bd4 a4 37. Nd6+ Ke7 38. Nb5 Nb3 39. Nxa3 Nxd4 40. Kxd4 Kd6 41. Ke3 Kc5 42. Be2 Ne5 43. Rb5+ Kd6 44. f4 Nd7 45. Bf3 Kc7 46. Rb4 Re8 47. Rxa4 Bc6 48. Rd4 Nb6 49. Nc4 Nd7 50. Nd6 Ra8 51. e5 Ra3+ 52. Rd3 Ra4 53. Rc3 Nb8 54. Nf5 Kd7 55. Bxc6+ Nxc6 56. Nxh6 Ke6 57. Rxc6+ 1-0

[Event "Titled Tuesday intern op 27th Feb Late"]
[Site "Chess.com INT"]
[Date "2024.02.27"]
[Round "5"]
[White "Thomforde Toates, Noah"]
[Black "Mekhitarian, Krikor Sevag"]
[Result "1/2-1/2"]
[WhiteElo "2124"]
[BlackElo "2554"]
[PlyCount "69"]
[EventDate "2024.02.27"]
[EventType "swiss (blitz)"]
[EventRounds "11"]
[EventCountry "USA"]
[SourceTitle "CB10_2024"]
[SourceDate "2024.03.06"]
[SourceVersion "1"]
[SourceVersionDate "2024.03.06"]
[SourceQuality "1"]

1. c4 b6 2. Nf3 Bb7 3. g3 g6 4. Bg2 Bg7 5. 0-0 c5 6. Nc3 Nf6 7. d4 cxd4 8. Nxd4 Bxg2 9. Kxg2 Qc8 10. Qd3 Na6 11. b3 Nc5 12. Qd2 Qb7+ 13. f3 d5 14. b4 Ncd7 15. cxd5 Nxd5 16. Nxd5 Qxd5 17. Rd1 0-0 18. Bb2 Rac8 19. e4 Qb7 20. b5 Ne5 21. Rac1 Nc4 22. Qe2 Nxb2 23. Qxb2 Qd7 24. Rxc8 Rxc8 25. Qd2 Bxd4 26. Qxd4 Rc2+ 27. Kg1 Qxb5 28. Qd8+ Kg7 29. Qxe7 Rxa2 30. e5 Qe2 31. Qf6+ Kh6 32. Qh4+ Kg7 33. Qf6+ Kh6 34. Qh4+ Kg7 35. Qf6+ 1/2-1/2

[Event "Titled Tuesday intern op 13th Feb Late"]
[Site "Chess.com INT"]
[Date "2024.02.13"]
[Round "7"]
[White "Mekhitarian, Krikor Sevag"]
[Black "Barria Zuniga, Daniel"]
[Result "0-1"]
[WhiteElo "2554"]
[BlackElo "2341"]
[PlyCount "84"]
[EventDate "2024.02.13"]
[EventType "swiss (blitz)"]
[EventRounds "11"]
[EventCountry "USA"]
[SourceTitle "CB08_2024"]
[SourceDate "2024.02.21"]
[SourceVersion "1"]
[SourceVersionDate "2024.02.21"]
[SourceQuality "1"]

1. Nf3 g6 2. c4 Bg7 3. e4 d6 4. d4 Nf6 5. Nc3 0-0 6. h3 a6 7. Be2 c5 8. Be3 b6 9. 0-0 Nc6 10. d5 Na5 11. Rb1 e5 12. Nd2 Bd7 13. a3 Qc7 14. b4 Nb7 15. g4 Kh8 16. Kg2 cxb4 17. axb4 a5 18. Qb3 Rfb8 19. Rfc1 axb4 20. Qxb4 Nc5 21. Ra1 Ra7 22. Rcb1 Rxa1 23. Rxa1 Ng8 24. Nb5 Bxb5 25. cxb5 Qe7 26. Nf3 f5 27. Bxc5 dxc5 28. Qc4 Nf6 29. Nd2 Bh6 30. Nf1 Nxe4 31. Bf3 Nd6 32. Qc2 e4 33. Be2 Bg7 34. Re1 Bd4 35. f3 Rf8 36. Ng3 Qh4 37. fxe4 f4 38. Nh1 Nf7 39. Rf1 Ng5 40. Qd3 f3+ 41. Rxf3 Rxf3 42. Bxf3 Qxh3# 0-1

[Event "Titled Tuesday intern op 13th Feb Early"]
[Site "Chess.com INT"]
[Date "2024.02.13"]
[Round "4"]
[White "Mekhitarian, Krikor Sevag"]
[Black "Hong, Andrew Z"]
[Result "0-1"]
[WhiteElo "2554"]
[BlackElo "2542"]
[PlyCount "130"]
[EventDate "2024.02.13"]
[EventType "swiss (blitz)"]
[EventRounds "11"]
[EventCountry "USA"]
[SourceTitle "CB08_2024"]
[SourceDate "2024.02.21"]
[SourceVersion "1"]
[SourceVersionDate "2024.02.21"]
[SourceQuality "1"]

1. Nf3 d5 2. c4 d4 3. b4 g5 4. h3 Bg7 5. d3 h6 6. g3 e5 7. Bg2 Ne7 8. 0-0 0-0 9. Nbd2 f5 10. a4 Be6 11. a5 Nd7 12. a6 b6 13. Nb3 c6 14. Ra2 Qe8 15. Nh2 Rd8 16. e3 dxe3 17. Bxe3 Nf6 18. Qe2 Ng6 19. Bc1 Qd7 20. Rd2 f4 21. g4 Nh4 22. Bb2 h5 23. f3 Rfe8 24. Re1 Bf7 25. Qf2 Qd6 26. Bc3 Kh8 27. Bf1 Qc7 28. Rdd1 Bg6 29. Qb2 Nd7 30. Be2 c5 31. b5 Nf8 32. Nd2 Ne6 33. Ne4 Nd4 34. Nxg5 Qd7 35. Ne4 Rg8 36. Bxd4 exd4 37. Rf1 Be5 38. Rf2 Rdf8 39. Qd2 Rg7 40. Kh1 Rfg8 41. Rg1 Qe7 42. Qe1 Be8 43. Rff1 Bd7 44. Qf2 Rg6 45. Qe1 Kh7 46. Qf2 R6g7 47. Qe1 Rg6 48. Qf2 R8g7 49. Re1 Kg8 50. Bd1 Kf8 51. Re2 Ke8 52. Rge1 Kd8 53. Nd2 Rg5 54. Ne4 R5g6 55. Nxc5 bxc5 56. Rxe5 Qf6 57. Rxc5 Re7 58. Rxe7 Qxe7 59. Rd5 Re6 60. Nf1 Re1 61. Ba4 Kc8 62. b6 Bxa4 63. b7+ Kc7 64. Rxd4 Qe3 65. Qxe3 fxe3 0-1

[Event "Titled Tuesday intern op 13th Feb Late"]
[Site "Chess.com INT"]
[Date "2024.02.13"]
[Round "2"]
[White "Sargsyan, Anna M"]
[Black "Mekhitarian, Krikor Sevag"]
[Result "1-0"]
[WhiteElo "2377"]
[BlackElo "2554"]
[PlyCount "139"]
[EventDate "2024.02.13"]
[EventType "swiss (blitz)"]
[EventRounds "11"]
[EventCountry "USA"]
[SourceTitle "CB08_2024"]
[SourceDate "2024.02.21"]
[SourceVersion "1"]
[SourceVersionDate "2024.02.21"]
[SourceQuality "1"]

1. d4 Nf6 2. c4 g6 3. g3 Bg7 4. Bg2 d5 5. cxd5 Nxd5 6. e4 Nb6 7. Ne2 c5 8. d5 e6 9. Nbc3 0-0 10. 0-0 Na6 11. Be3 Nc4 12. Qc1 Nxe3 13. Qxe3 exd5 14. exd5 Re8 15. Qd2 Rb8 16. Rad1 Bg4 17. Rfe1 Bxc3 18. bxc3 Qd6 19. f3 Bf5 20. c4 Nc7 21. Nc3 Rxe1+ 22. Rxe1 Re8 23. Rxe8+ Nxe8 24. g4 Bd7 25. Ne4 Qe7 26. Qa5 b6 27. Qxa7 f5 28. gxf5 gxf5 29. Nf2 Qd6 30. Nd3 f4 31. Nf2 Nf6 32. Bh3 Bxh3 33. Nxh3 Qe5 34. Kg2 Qb2+ 35. Nf2 Qb4 36. Qe7 Qb2 37. d6 Qd4 38. a4 h6 39. h3 h5 40. h4 Kh8 41. Kh3 Kg8 42. Kg2 Kh8 43. Qd8+ Kg7 44. Qxb6 Qxc4 45. Qc7+ Kg6 46. d7 Nxd7 47. Qxd7 Qb4 48. Qc6+ Kf7 49. Qd5+ Kg7 50. Qe5+ Kf7 51. Qxh5+ Ke7 52. Qe5+ Kd7 53. Qe4 c4 54. Qxf4 Qxa4 55. Qf5+ Kc6 56. Qe4+ Kc5 57. Nd3+ Kb6 58. Qd4+ Kc7 59. Ne5 Qc2+ 60. Kg3 c3 61. Qd7+ Kb6 62. Qc6+ Ka5 63. Qc5+ Ka4 64. Qc4+ Ka3 65. Nd3 Qd2 66. Qb4+ Ka2 67. Qa4+ Kb1 68. Qb3+ Ka1 69. Qc4 c2 70. Qd4+ 1-0